| 000 | 00783nam a22002417a 4500 | ||
|---|---|---|---|
| 005 | 20180615133141.0 | ||
| 008 | 180615b xxu||||| |||| 00| 0 eng d | ||
| 010 | _aB-192048 | ||
| 020 |
_a0070607125 _c0.00 |
||
| 035 | _aB-192048 | ||
| 037 | _bBPPD / PUB | ||
| 040 |
_adpl _bEnglish |
||
| 082 | _a658.4092 | ||
| 100 | _aFoster, Jack | ||
| 245 |
_aIdeaship : _bhow to get ideas flowing in your workplace / _cby Jack Foster and [illustrated] by Larry Corby |
||
| 260 |
_aNew Delhi _bTata McGraw-Hill _c2005 |
||
| 270 |
_a7, West Patel Nagar _bDelhi _e110008 |
||
| 300 |
_axiii, 136 p. ; _c22 cm (pbk) |
||
| 650 | _aCreative ability in business. | ||
| 650 | _aCreative thinking. | ||
| 650 | _aOrganizational change. | ||
| 942 |
_2ddc _cEN _h658.4092 _mFOS |
||
| 999 |
_c152738 _d152738 |
||